Les grands siècles de la peinture : la peinture gothique /
Uloženo v:
| Hlavní autor: | |
|---|---|
| Další autoři: | |
| Médium: | Kniha |
| Jazyk: | francouzština |
| Vydáno: |
Ginebra, Suiza :
Skira,
1954, c1954
|
| Edice: | (The Great Centuries of Painting)
(Les Grands Siècles de la Peinture) |
| Témata: | |
| Tagy: |
Žádné tagy, Buďte první, kdo vytvoří štítek k tomuto záznamu!
|
MARC
| LEADER | 00000nam^a2200000^a^4500 | ||
|---|---|---|---|
| 001 | 000316363 | ||
| 005 | 20250526000000.0 | ||
| 009 | 20260310113312.001 | ||
| 037 | |a Acervo ITESO - Biblioteca | ||
| 041 | |a FRA | ||
| 082 | |a 759. |b GRE V. 5 | ||
| 100 | |a Dupont, Jacques |e (texto) | ||
| 240 | 1 | 5 | |a [The Great Centuries of Painting] |
| 240 | 1 | 5 | |a [Les grands siècles de la peinture] |
| 245 | 1 | 4 | |a Les grands siècles de la peinture : |b la peinture gothique / |c Texto de J. Dupont, G. Cesare. |
| 264 | 4 | |a Ginebra, Suiza : |b Skira, |c 1954, c1954 | |
| 300 | |a 215 p. ; |c 28.5 cm. | ||
| 336 | |a texto |b txt |2 rdacontenido | ||
| 337 | |a sin mediación |b n |2 rdamedio | ||
| 338 | |a volumen |b nc |2 rdasoporte | ||
| 440 | 5 | |a (The Great Centuries of Painting) | |
| 440 | 5 | |a (Les Grands Siècles de la Peinture) | |
| 649 | |a XX | ||
| 650 | |a Pintura Gótica - |x Historia y Crítica - |x Tema Principal | ||
| 650 | |a Pintura Medieval - |x Historia y Crítica | ||
| 650 | |a Pintura - |x Historia y Crítica | ||
| 650 | |a Arte Gótico - |x Historia y Crítica | ||
| 650 | |a Arte Medieval - |x Historia y Crítica | ||
| 650 | |a Arte - |x Historia y Crítica | ||
| 650 | |a Europa - |x Historia - |y 476-1492 | ||
| 650 | |a Edad Media - |x Historia | ||
| 700 | |a Gnudi, Cesare |e (texto) | ||
| 910 | |a Fondo Ignacio Díaz Morales | ||
| 920 | |a Impresos - Libros | ||
| 930 | |a Libros Antiguos y Raros | ||
| 940 | |a Arquitectos Jaliscienses | ||
| 905 | |a 108 | ||
| 901 | |a 0500203412 |b IT2 |c LRA |i D56732 |u 20250526 | ||
| 902 | |a https://opac.biblio.iteso.mx/vufind/Record/000316363 | ||